| 000 | 01496cam a2200361 i 4500 | ||
|---|---|---|---|
| 999 |
_c29171 _d29142 |
||
| 001 | 18555378 | ||
| 003 | EG-ScBUE | ||
| 005 | 20210613100612.0 | ||
| 008 | 150406s2015 enka f b 001 0 eng d | ||
| 020 | _a9780230293229 (paperback) | ||
| 040 |
_aDLC _beng _erda _cDLC _dDLC _dEG-ScBUE |
||
| 082 | 0 | 0 |
_a338.4730223 _bCUN _222 |
| 100 | 1 |
_aCunningham, Stuart, _eauthor. |
|
| 245 | 1 | 0 |
_aMedia economics / _cStuart Cunningham, Terry Flew and Adam Swift. |
| 264 | 1 |
_aHoundmills, Basingstoke, Hampshire ; _aNew York, NY : _bPalgrave Macmillan, _c2015. |
|
| 300 |
_avii, 180 pages : _billustrations ; _c22 cm. |
||
| 336 |
_atext _2rdacontent _btxt |
||
| 337 |
_aunmediated _2rdamedia _bn |
||
| 338 |
_avolume _2rdacarrier _bnc |
||
| 490 | 0 | _aKey concerns in media studies | |
| 490 | 0 | _aMacmillan education | |
| 504 | _aIncludes bibliographical references and index. | ||
| 505 | 0 | _aMedia economics : the mainstream approach -- Critical political economy of the media -- Institutional economics -- Evolutionary economics -- Case studies and conclusions. | |
| 650 | 7 |
_aMass media _xEconomic aspects. _2BUEsh |
|
| 650 | 7 |
_aMass media _xEconomic aspects _vCase studies. _2BUEsh |
|
| 653 |
_bBUSECO _cJune2021 |
||
| 655 |
_vReading book _934232 |
||
| 700 | 1 |
_aFlew, Terry, _eauthor. |
|
| 700 | 1 |
_aSwift, Adam, _eauthor. |
|
| 906 |
_a7 _bcbc _corignew _d1 _eecip _f20 _gy-gencatlg |
||
| 942 |
_2ddc _cBB |
||